000 00427nam a2200157Ia 4500
008 151213s9999 xx 000 0 und d
100 _aHennivan , Greuning
245 _aInternational Financial Reporting Standers
_cHennivan , Greuning
250 _a4tth
260 _aWaylington D.C.
_bThe World Bank
_c2006
300 _a3617 p.
650 _aFinance
650 _aFinance
700 _aHennivan , Greuning
999 _c2412
_d2412